| 000 | 00901nam a2200229 a 4500 | ||
|---|---|---|---|
| 001 | BRCA_3364 | ||
| 005 | 20190320204238.0 | ||
| 008 | 310309s2002----sp-a---###---#000-0#spa-# | ||
| 020 | _a848956986X | ||
| 041 | _aspa | ||
| 044 | _asp | ||
| 050 | 4 |
_aG1965 _b.A85 2002 |
|
| 245 | 1 | 0 |
_aEl atlas del rey planeta _bla descripción de España y de las costas y puertos de sus reinos de Pedro Texeira (1634) _cedición de Felipe Pereda, Fernando Marías. |
| 260 |
_aEspaña _bNerea _c2002 |
||
| 300 |
_a1 atlas (398 p.) _bil., 87 láminas a color, mapas _c32 cm. |
||
| 500 | _aIncluye lista de ilustraciones, descripción del atlas e índice onomástico | ||
| 650 | 1 | 4 |
_aCartografía _vFacsímil _xHistoria _yFelipe IV, 1621-1665 _zEspaña _98861 |
| 651 | 4 |
_aEspaña _vMapas _xHistoria _yTrabajos anteriores a 1800 _98862 |
|
| 700 | 1 |
_aPereda, Felipe _98863 |
|
| 700 | 1 |
_aMarías, Fernando _98864 |
|
| 942 |
_2lcc _cB |
||
| 999 |
_c3100 _d3100 |
||